000 00564nam a2200205 4500
001 109991
003 ES-MaACL
005 20240506100410.0
007 t|
008 061121s1968 sp r ||||1| spa d
100 1 _aMoisés Gómez, Gaspar.
_981815
245 1 0 _aCon ira y con amor /
_cGaspar Moisés Gómez.
260 _aSalamanca :
_b[s. n.],
_c1968 (
_fImp. Calatrava)
300 _a65 p. ;
_c21 cm.
490 1 _aAlamo
830 0 _aColección Alamo ;
_9184140
_v4
852 _aES-MaACL
_jC-34683
_bR.66787
942 _2udc
999 _c109991
_d109991